000 01289nam0a2200373 4500
001 RU\NLR\bibl\380609
005 20260406064828.0
010 _a5-699-01615-5
_bВ пер.
_95100
021 _aRU
_b2003-2871
_9130
035 _a(NLR Aleph) 000375020
090 _a419579
_c419579
100 _a20030304d2002 |||y0rusy50 ca
101 1 _arus
102 _aRU
105 _aa |||||||||
200 1 _aЭнциклопедия цигун
_e[Перевод]
_fУ Гуандэ
210 _aМ.
_cЭКСМО
_d2002
215 _a313, [2] с.
_cил.
_d27
300 _aНа пер. авт. не указан
606 0 _aЦи-гун
_jЭнциклопедии
_91311124
_3RU\NLR\auth\66543839
610 0 _aГимнастика оздоровительная китайская - Энциклопедии
610 0 _aМедицина народная китайская - Энциклопедии
675 _a615.89(510)(031)
_v3
_zrus
686 _a76.29
_2rugasnti
686 _a53.59я2
_2rubbk
686 _aР359.11я20
700 0 _4070
_8rus
_7ca
_aУ Гуанде
_3RU\NLR\AUTH\7714529
_9124201
801 0 _aRU
_bRKP
_c20030304
_gPSBO
801 1 _aRU
_bRKP
_c20030304
801 2 _aRU
_bNLR
_c20030408
_grcr
942 _cBOOK
980 _aNB